| 000 | 00538nam a2200193 a 4500 | ||
|---|---|---|---|
| 001 | 2951 | ||
| 005 | 20140414131849.0 | ||
| 008 | 051130s19uu xx 00 eng d | ||
| 020 | _a0-439-05279-3 | ||
| 050 |
_aM 523.1 _bSi5 1998 |
||
| 100 | _aSimon, Seymour | ||
| 245 |
_aThe Universe / _cby Seymour Simon. |
||
| 260 |
_aNew York : _bScholastic, _c1998. |
||
| 300 | _a1 v. p. ; cm. | ||
| 650 |
_aUniverse _xJuvenile literature. |
||
| 650 |
_aSpace _xJuvenile literature. |
||
| 650 |
_aGalaxies _xJuvenile literature. |
||
| 999 |
_c110114 _d110114 |
||